| 000 | 00565nam a22002057a 4500 | ||
|---|---|---|---|
| 003 | BD-DhJNU | ||
| 005 | 20250406073629.0 | ||
| 008 | 250406b |||||||| |||| 00| 0 eng d | ||
| 020 | _a1844831663 | ||
| 020 | _a9781844831661 | ||
| 040 |
_aBD-DhJNU _bENG _cBD-DhJNU _dBD-DhJNU |
||
| 082 |
_223 _a291.130321 WOR |
||
| 245 |
_aWorld mythology / _c edited by Roy Willis |
||
| 260 |
_aLondon : _bDuncan Baird, _c2006. |
||
| 300 |
_a321p. : _bill. ; _c24 cm. |
||
| 504 | _aIncludes index | ||
| 650 | _aReligion | ||
| 700 |
_a Willis, Roy _eeditor |
||
| 942 |
_2ddc _cBK _n0 |
||
| 999 |
_c1535 _d1535 |
||